000 00589nam a2200181Ia 4500
008 100920s9999 xx 000 0 und d
082 _b94610
_a28 व 891 थ 99
100 _aशेळके शांता.
245 _aनिळा दिवा.
260 _bकुलकणीॅ ग्रंथागार, पुणे.
_c1999
300 _a63
_bसाधी
365 _b40
520 _aबा.वि.लघुकथा.
630 _aनिळा दिवा.
650 _aबा.वि.लघुकथा.
730 _aनिळा दिवा.
942 _cBOOK
999 _c735052
_d735049